Statistics for American Countries on a Civilization Six Map

Click here to take the quiz!

General Stats

  • This quiz has been taken 104 times
  • The average score is 28 of 29

Answers on the Map

Answers color-coded by a green-red scale on the quiz's map according to % correct below.
 

Answer Stats

Country% Correct
Canada
99%
Cuba
99%
United States
99%
Brazil
98%
Mexico
98%
Argentina
97%
Bolivia
97%
Chile
97%
Honduras
97%
Paraguay
97%
Peru
97%
Uruguay
97%
Bahamas
96%
Colombia
96%
Costa Rica
96%
Ecuador
96%
France
96%
Haiti
96%
Panama
96%
Suriname
96%
Venezuela
96%
Belize
95%
Guyana
95%
Dominican Republic
94%
El Salvador
94%
Guatemala
94%
Nicaragua
94%
Trinidad & Tobago
91%
United Kingdom
88%

Score Distribution

Percentile by Number Answered

Percent of People with Each Score

Your Score History

You have not taken this quiz